Teoría del saber histórico
Na minha lista:
| Autor principal: | |
|---|---|
| Formato: | Livro |
| Idioma: | espanhol |
| Publicado em: |
Madrid
Revista de Occidente
1958
|
| Assuntos: | |
| Tags: |
Adicionar Tag
Sem tags, seja o primeiro a adicionar uma tag!
|
MARC
| LEADER | 00000nam a2200000 a 4500 | ||
|---|---|---|---|
| 001 | UCP8556 | ||
| 003 | CL-VaPUC | ||
| 008 | 000303e19580000SP |||||||||||||||||spa|d | ||
| 082 | 0 | 4 | |a 901 |b MAR |2 21 |
| 100 | |a Maravall, José Antonio |e autor |9 527688 | ||
| 245 | 1 | 0 | |a Teoría del saber histórico |
| 300 | |a 258 p | ||
| 942 | |c BK | ||
| 945 | |d 20000303 00:00:00 |a rherrera | ||
| 260 | |a Madrid |b Revista de Occidente |c 1958 | ||
| 650 | 0 | |a Teoría de la historia |9 317951 | |
| 650 | 0 | |a Teoría del conocimiento |9 255038 | |
| 650 | 0 | |a Metodología |9 256610 | |
| 650 | 7 | |a METODO HISTORICO |2 CL-VaPUC |9 335553 | |
| 583 | |a last modification |c 20000303 00:00:00 |k Rodrigo Vera | ||
| 999 | |c 285448 |d 285446 | ||
| 952 | |0 0 |1 0 |4 0 |6 901_000000000000000_MAR_1958 |7 0 |8 A |9 330079 |a BIBHIS |b BIBHIS |d 2019-11-20 |i 1392611 |o 901 MAR 1958 |p 1392611 |r 2025-01-20 |w 2019-11-20 |y BK |k HIS | ||
| 952 | |0 0 |1 0 |4 0 |6 901_000000000000000_MAR_1958 |7 0 |8 A |9 330080 |a BIBHIS |b BIBHIS |d 2019-11-20 |i 139262K |o 901 MAR 1958 |p 139262K |r 2025-01-20 |w 2019-11-20 |y BK |k HIS | ||
| 952 | |0 0 |1 0 |4 0 |6 901_000000000000000_MAR_1958 |7 0 |8 DER_HIS |9 330081 |a BIBDER |b BIBDER |d 2019-11-20 |i 3822230 |o 901 MAR 1958 |p 3822230 |r 2023-01-25 |w 2019-11-20 |x Ubicación 4to Piso |y BK |z Estos recursos deben solicitarse con anticipación |k DER | ||